000 00724nam a2200217 i 4500
001 100865
003 ES-MaACL
005 20230906182756.0
007 t|
008 051006s1965 sp ||||1| spa d
100 1 _aMatthews, Robert Charles Oliver.
_979137
245 1 0 _aCiclo económico /
_cpor R. C. O. Matthews; [traducción de Charles T. Humphrey; revisado por Lucas Beltrán].
260 _aMadrid :
_bRev. de Estudios y Publicaciones,
_c1965.
300 _aXVI, 386 p. :
_bil. ;
_c19 cm.
490 1 _aFlores de Lemus
700 1 _aHumphrey, Charles T.
_964729
700 1 _aBeltrán, Lucas.
_927346
830 0 _aFlores de Lemus
_9184580
852 _aES-MaACL
_jC-27092
_bR.55660
999 _c100865
_d100865